Almayer´s Folly
Se encuentra ambientada en finales del siglo XX , narra la historia de un comerciante pobre y fracasado llamado Almayer que sueña volverse rico al encontrar una mina de oro para entregarle una vida mejor a su amada hija Nina, a quien adora y venera. Sus ambiciones y codicia sería lo que llevaría a s...
Uloženo v:
| Hlavní autor: | |
|---|---|
| Médium: | Kniha |
| Jazyk: | Undetermined |
| Vydáno: |
Estados Unidos
Penguin Books
1936
|
| Témata: | |
| Tagy: |
Přidat tag
Žádné tagy, Buďte první, kdo vytvoří štítek k tomuto záznamu!
|
MARC
| LEADER | 00000nam a2200000Ia 4500 | ||
|---|---|---|---|
| 008 | 170316s9999 xx 000 0 und d | ||
| 040 | |a cru BVZT | ||
| 090 | |a 820 C-12a | ||
| 100 | |a Conrad, Joseph | ||
| 245 | |a Almayer´s Folly | ||
| 260 | |a Estados Unidos | ||
| 260 | |b Penguin Books | ||
| 260 | |c 1936 | ||
| 300 | |a 168 páginas | ||
| 520 | |a Se encuentra ambientada en finales del siglo XX , narra la historia de un comerciante pobre y fracasado llamado Almayer que sueña volverse rico al encontrar una mina de oro para entregarle una vida mejor a su amada hija Nina, a quien adora y venera. Sus ambiciones y codicia sería lo que llevaría a su locura tras conocer a nuevos personajes, entre ellos un príncipe malaya que se enamora de Nina | ||
| 650 | |a LITERATURA INGLESA |9 12 | ||
| 999 | |c 6769 |d 6769 | ||
| 942 | |c 15 D |h 820 C-12a |2 z | ||
